Community Shield Winners - Statistics

General Stats
  • This quiz has been taken 31 times
  • The average score is 92 of 112
Answer Stats
Hint Answer % Correct
1930 | 1931 | 1933 | +14 others Arsenal
100%
1964 | 1965 | 1966 | +13 others Liverpool
100%
1955 | 2000 | 2005 | 2009 Chelsea
96%
1937 | 1968 | 1972 | +3 others Manchester City
96%
1908 | 1911 | 1952 | +18 others Manchester United
96%
1971 | 2021 Leicester City
92%
1921 | 1951 | 1961 | +4 others Tottenham Hotspur
88%
1928 | 1932 | 1963 | +6 others Everton
84%
1969 | 1992 Leeds United
76%
1909 Newcastle United
76%
1981 Aston Villa
64%
1960 | 1973 Burnley
64%
1978 Nottingham Forest
64%
1949 Portsmouth
64%
1949 | 1954 | 1959 | 1960 Wolverhampton Wanderers
64%
1964 West Ham United
60%
1912 Blackburn Rovers
52%
1910 Brighton & Hove Albion
52%
1935 Sheffield Wednesday
48%
1936 Sunderland
48%
1920 | 1954 West Bromwich Albion
44%
1975 Derby County
40%
1922 Huddersfield Town
40%
1958 Bolton Wanderers
36%
1927 Cardiff City
36%
1950 England
4%
1925 | 1926 English Amateurs
4%
1913 | 1923 | 1924 | 1929 English Professionals
4%
No matching quizzes found
Score Distribution
Percent of People with Each Score
Percentile by Number Answered
Your Score History
You have not taken this quiz